000 00860cam a22002773a 4500
001 1129
003 PGUSA
005 20140828082957.0
008 971201s1997||||xxu|||||s|||||000 | eng d
040 _aPGUSA
_beng
042 _adc
050 4 _aPR
100 1 _aShakespeare, William,
_d1564-1616
245 1 4 _aThe Tragedy of Macbeth
_h[electronic resource] /
_cWilliam Shakespeare
260 _bProject Gutenberg,
_c1997
500 _aWorld Library
506 _aCopyrighted. Read the copyright notice inside this book for details.
516 _aElectronic text
653 _aMacbeth, King of Scotland, active 11th century -- Drama
653 _aScotland -- Kings and rulers -- Drama
653 _aRegicides -- Drama
653 _aTragedies
830 0 _aProject Gutenberg
_v1129
856 4 0 _uhttp://www.gutenberg.org/ebooks/1129
942 _cEB
999 _c230477
_d230477